书目信息 |
| 题名: |
朴槿惠新传
|
|
| 作者: | 张俊杰 著 | |
| 分册: | ||
| 出版信息: | 北京 中央编译出版社 2015 |
|
| 页数: | 272页 | |
| 开本: | 24cm | |
| 丛书名: | ||
| 单 册: | ||
| 中图分类: | K833.126.7 | |
| 科图分类: | ||
| 主题词: | 总统--zong tong--传记--韩国--现代 | |
| 电子资源: | ||
| ISBN: | 978-7-5117-2606-3 | |
| 000 | 00837nam0 22002411 450 | |
| 001 | 0124140107 | |
| 005 | 20170324140107.0 | |
| 010 | @a978-7-5117-2606-3@dCNY38.00 | |
| 100 | @a20150813d2015 em y0chiy50 ea | |
| 101 | 0 | @achi |
| 102 | @aCN@b110000 | |
| 105 | @ay z 000yb | |
| 106 | @ar | |
| 200 | 1 | @a朴槿惠新传@9pu jin hui xin chuan@e在苦难中微笑成长@f张俊杰著 |
| 210 | @a北京@c中央编译出版社@d2015 | |
| 215 | @a272页@d24cm | |
| 330 | @a本书全景描摹朴槿惠的成长记录,聆听她关于人生、关于政治、关于心灵的动人故事,学习其坚忍、乐观的个性,以此来指导我们的生活。 | |
| 517 | 1 | @a在苦难中微笑成长@9zai ku nan zhong wei xiao cheng chang |
| 606 | 0 | @a总统@9zong tong@x传记@y韩国@z现代 |
| 690 | @aK833.126.7@v5 | |
| 701 | 0 | @a张俊杰@9zhang juan jie@4著 |
| 801 | 0 | @aCN@bTANGWEI@c20170308 |
| 905 | @b0961418-20@dK833.126.7@e800@f3 | |
| 朴槿惠新传:在苦难中微笑成长/张俊杰著.-北京:中央编译出版社,2015 |
| 272页;24cm |
| ISBN 978-7-5117-2606-3:CNY38.00 |
| 本书全景描摹朴槿惠的成长记录,聆听她关于人生、关于政治、关于心灵的动人故事,学习其坚忍、乐观的个性,以此来指导我们的生活。 |
| ● |
| 相关链接 |
|
|
|
|
正题名:朴槿惠新传
索取号:K833.126.7/800
 
预约/预借
| 序号 | 登录号 | 条形码 | 馆藏地/架位号 | 状态 | 备注 |
| 1 | 0961418 | 209614185 | 第二样本阅览室/ [索取号:K833.126.7/800] | 在馆 | |
| 2 | 0961419 | 209614194 | 第二借阅区/ [索取号:K833.126.7/800] | 在馆 | |
| 3 | 0961420 | 209614201 | 第二借阅区/ [索取号:K833.126.7/800] | 在馆 |